Statistics for US States Alphabetically In Area Size Order

Click here to take the quiz!

General Stats

  • This quiz has been taken 32 times
  • The average score is 47 of 50

Answer Stats

HintAnswer% Correct
AAlabama
100%
AAlaska
100%
AArizona
100%
AArkansas
100%
CCalifornia
100%
CColorado
100%
FFlorida
100%
GGeorgia
100%
HHawaii
100%
IIdaho
100%
IIllinois
100%
IIndiana
100%
IIowa
100%
KKansas
100%
KKentucky
100%
LLouisiana
100%
MMontana
100%
CConnecticut
96%
DDelaware
96%
MMaine
96%
MMichigan
96%
MMaryland
93%
MMinnesota
93%
NNew Mexico
93%
OOhio
93%
OOregon
93%
PPennsylvania
93%
RRhode Island
93%
SSouth Carolina
93%
SSouth Dakota
93%
TTennessee
93%
TTexas
93%
UUtah
93%
VVermont
93%
VVirginia
93%
WWashington
93%
WWyoming
93%
MMassachusetts
89%
MMississippi
89%
NNebraska
89%
NNevada
89%
NNew Hampshire
89%
NNew Jersey
89%
NNew York
89%
NNorth Carolina
89%
NNorth Dakota
89%
OOklahoma
89%
WWest Virginia
89%
WWisconsin
89%
MMissouri
85%

Score Distribution

Percentile by Number Answered

Percent of People with Each Score

Your Score History

You have not taken this quiz